00736nam a2200205Ia 4500003000900000008004100009040001600050080001700066100002700083245009600110260003500206300001600241490006500257650001900322650002200341650001900363942000700382999001500389952012600404IN-BaIIA211028s9999 xx 000 0 eng d cIIA Library a530.145bKAE aKaempffer, F. A.95187 0aConcepts in quantum mechanicscF. A. Kaempffer  aNew YorkbAcademic Pressc1965 axiii, 358p. aPure and applied physics: a series of monographs and textboo aNASA Thesaurus aQuantum mechanics aQuantum theory cBK c2904d2904 00104070aBANbBANcGENd1967-03-30g70.20l0o530.145/ KAEp3228r2021-11-05v70.20w1967-03-30yBKGRs. 70.20